| 000 | 00528nam a22001937a 4500 | ||
|---|---|---|---|
| 999 |
_c3933 _d3933 |
||
| 005 | 20241122105336.0 | ||
| 008 | 241122b ||||| |||| 00| 0 eng d | ||
| 020 | _a9781789052022 | ||
| 040 | _cKH8 | ||
| 082 | _a123 ENR | ||
| 100 |
_aEnright, Amanda _eAuthor |
||
| 245 |
_aWhat's the time Mr Wolf? / _cAmanda Enright |
||
| 260 |
_aSywell, _b Igloo Books, _c2014 |
||
| 300 |
_a24 pages : _c27 x 22 cm _ecover ; |
||
| 650 | _aPhilosophy | ||
| 650 | _a Psychology | ||
| 650 | _aPhilosophy Of Humanity | ||
| 942 |
_2ddc _cNFIC |
||